000 00353pab a2200145 454500
008 180718b1989 xxu||||| |||| 00| 0 eng d
100 _aHenningsen, Manfred
245 _aDemocracy
_bThe future of a Western Political formation
260 _c1989
300 _a327-42
362 _aJuly
650 _aDemocracy
773 _aAlternatives
909 _a7171
999 _c7171
_d7171